000 00947nam a2200205Ia 4500
003 Ost
005 20260507075044.0
008 260507s9999||||xx |||||||||||||| ||und||
040 _cfsecg
041 _aara
082 _a330
100 _eمؤلف
245 0 _aالجدوى الإقتصادية للمشروعات /
260 _aعمان:
_bدار الحامد للنشر,
_c2002
300 _a223 صفحة؛
_bإيضاحات ؛
_c24 سم
520 _aالإطار العامة لدراسة الجدوى الإقتصادية للمشاريع، اختيار المشروع الإقتصادي، عامل الوقت وأثره في دراسة جدوى المشروعات، المعايير الرئيسية لتقييم المشروعات، التحديات التي تواجه عملية تقييم المشروعات، حالات تطبيقية شاملة
653 _aاستثمار
653 _aالإقتصاد
942 _cكتاب
999 _c42541
_d42541